El hijo de la parroquia /

Guardado en:
Autor Principal: Dickens, Charles.
Formato: Libro
Idioma:Spanish
Publicado: Buenos Aires : Biblioteca de "La Nación", 1909.
Series:Biblioteca de "La Nación", v. 366, 367
Materias:
Etiquetas: Agregar Etiqueta
Sin Etiquetas, Sea el primero en etiquetar este registro!
LEADER 00598nam a22001935a 4500
001 EUN.um042124
003 AR-BaUNS
005 20050623122912.0
008 041125s1909####ag############000#0#spa#d
245 1 3 |a El hijo de la parroquia /  |c Charles Dickens. 
260 |a Buenos Aires :  |b Biblioteca de "La Nación",  |c 1909. 
300 |a 2 v. 
490 0 |a Biblioteca de "La Nación", v. 366, 367 
100 1 |a Dickens, Charles. 
082 0 4 |a 800.8 
082 0 4 |a 823.5 
653 |a Biblioteca de la nacion 
653 |a Novela inglesa:1703-1745 
859 |a Ar-BaUNS  |b BIB. CENTRAL - Sector C  |h 800.8  |i B471  |p 57769/970  |v v.367